[Event "10th Lost Boys op"]
[Site "Amsterdam NED"]
[Date "2002.08.02"]
[Round "7.44"]
[White "O`Cinneide, Mel"]
[Black "Helvensteijn, Dennis"]
[Result "1/2-1/2"]
[WhiteElo "2251"]
[BlackElo "2242"]
[EventDate "2002.07.26"]
[PlyCount "114"]

1.c4 Nc6 2.Nc3 Nf6 3.g3 d5 4.cxd5 Nxd5 5.Bg2 Nb6 6.d3 e5 7.Be3 Be7 8.Nf3 
Be6 9.a3 a5 10.Rc1 f5 11.Na4 Nxa4 12.Qxa4 O-O 13.Rxc6 bxc6 14.Nxe5 Bf6 15.
Qxc6 Qd6 16.Qxd6 cxd6 17.Bxa8 Rxa8 18.Nc4 d5 19.Nb6 Rb8 20.Bc5 Bd8 21.Na4 
Bd7 22.Nc3 Rxb2 23.O-O Rc2 24.Bd4 Bc6 25.Rb1 Kf7 26.Kf1 a4 27.Nb5 Be7 28.
f4 h6 29.Be5 Bd7 30.Nd4 Ra2 31.Rb7 Ke8 32.Bxg7 Bxa3 33.Nb5 Bc5 34.Bd4 Rc2 
35.Bxc5 Rxc5 36.Nd6+ Kd8 37.Ra7 Rc7 38.Nf7+ Kc8 39.Ra5 Kb7 40.Rxd5 Kb6 41.
Ne5 Bb5 42.Nc4+ Bxc4 43.dxc4 Rxc4 44.Kf2 a3 45.Rd1 Kc5 46.Kf3 Rc3+ 47.e3 
h5 48.h3 Kc4 49.g4 hxg4+ 50.hxg4 fxg4+ 51.Kxg4 Rxe3 52.Kf5 Rd3 53.Re1 a2 
54.Kg6 Rd6+ 55.Kg7 Rb6 56.Ra1 Ra6 57.f5 Ra7+ 1/2-1/2

[Event "10th Lost Boys op"]
[Site "Amsterdam NED"]
[Date "2002.08.02"]
[Round "7.45"]
[White "Thorhallsson, Gylfi"]
[Black "De Roda Husman, Juan"]
[Result "0-1"]
[WhiteElo "2250"]
[BlackElo "2281"]
[EventDate "2002.07.26"]
[PlyCount "86"]

1.e4 c5 2.Nf3 e6 3.d4 cxd4 4.Nxd4 Nf6 5.Nc3 d6 6.Be2 Nc6 7.Be3 Be7 8.O-O 
O-O 9.f4 a6 10.a3 Qc7 11.Kh1 Re8 12.Qe1 Nxd4 13.Bxd4 e5 14.Be3 exf4 15.
Bxf4 Be6 16.Qg3 Qc6 17.Bg5 Kh8 18.Qh4 Qc5 19.Bxf6 Bxf6 20.Rxf6 gxf6 21.
Qxf6+ Kg8 22.Rf1 Qe5 23.Qh6 Kh8 24.Bd3 Rg8 25.Qd2 Rg6 26.Nd1 Rag8 27.Rf2 
Rf6 28.c4 Rc8 29.Rxf6 Qxf6 30.Qb4 Qd4 31.Be2 Qxe4 32.Bf3 Qxc4 33.Qe1 b5 
34.h3 Qf4 35.Nc3 a5 36.Ne2 Qe5 37.Qxa5 Qxb2 38.Qb6 Qa1+ 39.Kh2 Qe5+ 40.Kh1
Rc2 41.Ng1 Rc1 42.Bc6 Qc5 43.Qd8+ Kg7 0-1

[Event "10th Lost Boys op"]
[Site "Amsterdam NED"]
[Date "2002.08.02"]
[Round "7.46"]
[White "Markus, John Raymond"]
[Black "Blanchard, Jack"]
[Result "1-0"]
[WhiteElo "2247"]
[BlackElo "2255"]
[EventDate "2002.07.26"]
[PlyCount "81"]

1.d4 c6 2.c4 d5 3.Nf3 Nf6 4.e3 Bf5 5.cxd5 cxd5 6.Nc3 a6 7.Ne5 h6 8.g4 Bh7 
9.Bg2 e6 10.O-O Bd6 11.f4 O-O 12.Bd2 Nfd7 13.Be1 Nxe5 14.dxe5 Bc5 15.Bf2 
Nc6 16.Rc1 Ba7 17.Kh1 Nb4 18.Bg1 Rc8 19.Qb3 Nd3 20.Rcd1 Qa5 21.e4 Bxg1 22.
Rxd3 Ba7 23.Rh3 d4 24.Nd1 Rc1 25.Qf3 Rfc8 26.g5 R8c2 27.gxh6 g6 28.Rg3 Qc7
29.f5 Qe7 30.fxg6 Bxg6 31.Qg4 Bb8 32.Rgf3 Rxd1 33.Rxd1 Bxe5 34.h4 Kh8 35.
Rdf1 Re2 36.Rh3 Re3 37.Rxe3 dxe3 38.h5 Bh7 39.Rc1 Qd7 40.Qg5 Bxb2 41.e5 
1-0

[Event "10th Lost Boys op"]
[Site "Amsterdam NED"]
[Date "2002.08.02"]
[Round "7.47"]
[White "Willemze, Thomas"]
[Black "Theulings, Paul-Peter"]
[Result "1-0"]
[WhiteElo "2253"]
[BlackElo "2133"]
[EventDate "2002.07.26"]
[PlyCount "65"]

1.e4 Nf6 2.e5 Nd5 3.d4 d6 4.c4 Nb6 5.exd6 exd6 6.Nc3 Be7 7.Qf3 Nc6 8.Be3 
d5 9.c5 Nc4 10.O-O-O Nxe3 11.fxe3 Be6 12.Bb5 Qd7 13.h3 O-O-O 14.Nge2 g5 
15.Ba4 f5 16.g3 Qe8 17.Kb1 Qg6 18.Ka1 Bf6 19.Bxc6 bxc6 20.a3 Rhe8 21.Na2 
Bd7 22.Rc1 Re7 23.Rc3 Rde8 24.Rb3 Qh6 25.Nb4 g4 26.Na6 Be6 27.hxg4 fxg4 
28.Qf1 Qg7 29.Qf4 Kd8 30.Rb8+ Bc8 31.Qf5 Rd7 32.Nb4 Ke7 33.Rxh7 1-0

[Event "10th Lost Boys op"]
[Site "Amsterdam NED"]
[Date "2002.08.02"]
[Round "7.48"]
[White "Kohler, Aran"]
[Black "Leuw, Micha"]
[Result "1/2-1/2"]
[WhiteElo "2298"]
[BlackElo "2220"]
[EventDate "2002.07.26"]
[PlyCount "89"]

1.Nh3 e5 2.f3 d5 3.Nf2 Nf6 4.g3 h5 5.Bg2 Bc5 6.e3 Qe7 7.d3 Nc6 8.c3 Bd7 9.
Qe2 O-O-O 10.b4 Bd6 11.a3 h4 12.g4 Rde8 13.h3 g6 14.c4 e4 15.dxe4 dxe4 16.
f4 b6 17.Bb2 Rhg8 18.Nd2 g5 19.c5 bxc5 20.Qa6+ Kb8 21.Qb5+ Kc8 22.Nfxe4 
Nxe4 23.Nxe4 Nxb4 24.Nxd6+ Qxd6 25.Qb7+ Kd8 26.O-O Nd3 27.Rad1 Rxe3 28.Be5
Qb6 29.Qa8+ Bc8 30.Rb1 Qe6 31.Bd5 Rg3+ 32.Kh2 Rxh3+ 33.Kxh3 Qxg4+ 34.Kh2 
Qg3+ 35.Kh1 Qh3+ 36.Kg1 gxf4+ 37.Bg2 Qe3+ 38.Kh1 Qxe5 39.Rbd1 c4 40.Rfe1 
Qd6 41.Bh3 Qa6 42.Qd5+ Qd6 43.Qa8 Qa6 44.Qd5+ Qd6 45.Qa8 1/2-1/2

[Event "10th Lost Boys op"]
[Site "Amsterdam NED"]
[Date "2002.08.03"]
[Round "8.4"]
[White "Solleveld, Maarten"]
[Black "Sutovsky, Emil"]
[Result "0-1"]
[WhiteElo "2451"]
[BlackElo "2658"]
[EventDate "2002.07.26"]
[PlyCount "52"]

1.c4 Nf6 2.Nc3 e5 3.Nf3 Nc6 4.d4 exd4 5.Nxd4 Bb4 6.Bg5 h6 7.Bh4 O-O 8.Rc1 
Nxd4 9.Qxd4 g5 10.Bg3 c5 11.Qd6 Ne4 12.Qd3 d5 13.Qxd5 Qe7 14.Qe5 Qxe5 15.
Bxe5 Re8 16.Bg3 f5 17.f3 Nxc3 18.bxc3 Ba3 19.Rb1 f4 20.Bf2 b6 21.g3 Bf5 
22.Rb3 Bc1 23.gxf4 Rad8 24.e4 Bd2+ 25.Ke2 Rxe4+ 26.fxe4 Bg4# 0-1

[Event "10th Lost Boys op"]
[Site "Amsterdam NED"]
[Date "2002.08.03"]
[Round "8.6"]
[White "Gurevich, Mikhail"]
[Black "De Vreugt, Dennis"]
[Result "1/2-1/2"]
[WhiteElo "2649"]
[BlackElo "2477"]
[EventDate "2002.07.26"]
[PlyCount "116"]

1.c4 e5 2.Nc3 Nf6 3.Nf3 Nc6 4.a3 g6 5.d3 Bg7 6.g3 d6 7.Bg2 h6 8.h3 Be6 9.
e4 Qd7 10.Nd5 Nh7 11.Be3 Nd4 12.Nxd4 exd4 13.Bd2 g5 14.f4 c6 15.Nb4 gxf4 
16.gxf4 f5 17.exf5 Bxf5 18.Qe2+ Kd8 19.O-O-O Kc7 20.Rde1 Rae8 21.Qd1 Kb8 
22.Qb3 Ka8 23.Qa4 Rxe1+ 24.Bxe1 Rc8 25.Qa5 Bf6 26.Bf2 c5 27.Nd5 Bd8 28.Qd2
Nf6 29.Qe2 Nxd5 30.Bxd5 Bf6 31.Qf3 a6 32.Be4 Rg8 33.Kb1 Ka7 34.Bxf5 Qxf5 
35.Rg1 Rf8 36.Be1 Re8 37.Bd2 Re3 38.Bxe3 Qxd3+ 39.Kc1 dxe3 40.Rg2 Qxc4+ 
41.Rc2 Qb3 42.Re2 Bd4 43.Qe4 Qc4+ 44.Kd1 Qa4+ 45.Rc2 d5 46.Qd3 Qd7 47.b4 
Qxh3 48.bxc5 Qf3+ 49.Qe2 Qh1+ 50.Qe1 Qe4 51.Qa5 Qf3+ 52.Ke1 Qh1+ 53.Ke2 
Qh5+ 54.Ke1 Qh4+ 55.Ke2 Qg4+ 56.Ke1 Qg1+ 57.Ke2 Qg2+ 58.Ke1 Qg1+ 1/2-1/2

[Event "10th Lost Boys op"]
[Site "Amsterdam NED"]
[Date "2002.08.03"]
[Round "8.7"]
[White "Bosboom, Manuel"]
[Black "Halkias, Stelios"]
[Result "0-1"]
[WhiteElo "2451"]
[BlackElo "2550"]
[EventDate "2002.07.26"]
[PlyCount "85"]

1.d4 d5 2.c4 e6 3.Nf3 c5 4.cxd5 exd5 5.g3 Nf6 6.Bg2 Be7 7.O-O O-O 8.Nc3 
Nc6 9.dxc5 Bxc5 10.Bf4 Be6 11.Rc1 a6 12.Ne5 Rc8 13.a3 Re8 14.Nxc6 bxc6 15.
Qd3 a5 16.Na4 Bf8 17.Be3 Nd7 18.Rfd1 Bg4 19.h3 Ne5 20.Qd2 Bf5 21.Bb6 Qf6 
22.Bd4 Qg6 23.g4 Bxg4 24.hxg4 Nxg4 25.Qd3 f5 26.f3 Nf6 27.Nb6 Nh5 28.e3 
Rcd8 29.f4 Ng3 30.Kf2 Ne4+ 31.Bxe4 fxe4 32.Qc2 c5 33.Bxc5 Bxc5 34.Qxc5 Qg4
35.Qd4 Qf3+ 36.Ke1 Re6 37.Rc7 Qg2 38.Nxd5 Kh8 39.Rd2 Qh1+ 40.Ke2 Qh5+ 41.
Ke1 Qh1+ 42.Ke2 Rg6 43.Rd1 0-1

[Event "10th Lost Boys op"]
[Site "Amsterdam NED"]
[Date "2002.08.03"]
[Round "8.9"]
[White "Vesterbaek Pedersen, Nicolai"]
[Black "Conquest, Stuart"]
[Result "0-1"]
[WhiteElo "2458"]
[BlackElo "2542"]
[EventDate "2002.07.26"]
[PlyCount "122"]

1.d4 f5 2.g3 Nf6 3.Bg2 g6 4.Nh3 Bg7 5.Nf4 Nc6 6.h4 e5 7.dxe5 Nxe5 8.h5 c6 
9.c4 d6 10.Qc2 Qe7 11.b3 Rg8 12.hxg6 hxg6 13.Bb2 Bd7 14.Nc3 O-O-O 15.O-O-O
Kb8 16.e3 Bc8 17.Kb1 Qc7 18.Rd2 Ka8 19.Qd1 Rge8 20.Qc2 Rh8 21.Rdd1 Rxh1 
22.Rxh1 Qa5 23.Rd1 Nfg4 24.Rf1 Rh8 25.Rh1 Rxh1+ 26.Bxh1 Qd8 27.Bg2 g5 28.
Nh3 Qe7 29.Qd2 Be6 30.Qe2 Bg8 31.e4 Bh7 32.exf5 Bxf5+ 33.Be4 Bc8 34.f4 Nf7
35.Bg6 Ne3 36.Nf2 gxf4 37.gxf4 Nh6 38.Be4 Nhf5 39.Qd3 Qh4 40.Nfd1 Nxd1 41.
Nxd1 Qxf4 42.b4 Bxb2 43.Kxb2 Qe5+ 44.Nc3 Nd4 45.Bg2 Bf5 46.Be4 Be6 47.Qf1 
a6 48.Bd3 Qe3 49.Nb1 Ka7 50.a3 Nf3 51.Qe2 Qd4+ 52.Kc2 Ne5 53.Nd2 Bg4 54.
Qe4 Qa1 55.Qe3+ Ka8 56.Nb1 Qa2+ 57.Kc3 Qa1+ 58.Kc2 Qa2+ 59.Kc3 Bd1 60.c5 
d5 61.Qg3 Nf3 0-1

[Event "10th Lost Boys op"]
[Site "Amsterdam NED"]
[Date "2002.08.03"]
[Round "8.10"]
[White "Van Blitterswijk, Stefan"]
[Black "Van der Wiel, John"]
[Result "0-1"]
[WhiteElo "2394"]
[BlackElo "2506"]
[EventDate "2002.07.26"]
[PlyCount "84"]

1.e4 g6 2.d4 Bg7 3.Nc3 c6 4.f4 d5 5.e5 Nh6 6.Nf3 f6 7.Be2 Bg4 8.h3 Bxf3 9.
Bxf3 e6 10.Be3 Nf5 11.Bf2 fxe5 12.fxe5 O-O 13.Qe2 Nh4 14.O-O-O Nxf3 15.
gxf3 Qg5+ 16.Be3 Qh5 17.Rdf1 Nd7 18.Qg2 c5 19.f4 cxd4 20.Bxd4 Bh6 21.Kb1 
Bxf4 22.Nxd5 Bxe5 23.Qe4 Rxf1+ 24.Rxf1 Rf8 25.Ne7+ Kg7 26.Re1 Bxd4 27.
Qxd4+ Nf6 28.Qxa7 Rd8 29.b3 Rd1+ 30.Rxd1 Qxd1+ 31.Kb2 Qd7 32.Qc5 b6 33.
Qxb6 Qxe7 34.a4 Nd5 35.Qd4+ Qf6 36.Qxf6+ Kxf6 37.c4 Nc7 38.b4 g5 39.a5 h5 
40.b5 g4 41.hxg4 hxg4 42.a6 g3 0-1

[Event "10th Lost Boys op"]
[Site "Amsterdam NED"]
[Date "2002.08.03"]
[Round "8.12"]
[White "Stellwagen, Daniel"]
[Black "Peek, Marcel"]
[Result "0-1"]
[WhiteElo "2464"]
[BlackElo "2345"]
[EventDate "2002.07.26"]
[PlyCount "80"]

1.e4 c5 2.Nf3 d6 3.d4 cxd4 4.Nxd4 Nf6 5.Nc3 Nc6 6.Bc4 e6 7.Be3 a6 8.Bb3 
Qc7 9.f4 Na5 10.O-O b5 11.f5 Nxb3 12.axb3 b4 13.Na4 e5 14.Ne2 Rb8 15.Ng3 
h5 16.Qd3 h4 17.Nh1 h3 18.Nf2 hxg2 19.Rfe1 Bd7 20.c4 Bc6 21.Rad1 Be7 22.
Bg5 Rd8 23.Qe3 Nh5 24.Qd2 Bxg5 25.Qxg5 f6 26.Qg4 Bxa4 27.bxa4 Nf4 28.Qg3 
Rd7 29.b3 g5 30.Ng4 Qd8 31.c5 Rh3 32.Qf2 Rc3 33.Qd2 Kf7 34.Re3 d5 35.Rxc3 
bxc3 36.Qa2 Qa5 37.b4 Qxb4 38.c6 Qc5+ 39.Nf2 c2 40.Rc1 Ne2+ 0-1

[Event "10th Lost Boys op"]
[Site "Amsterdam NED"]
[Date "2002.08.03"]
[Round "8.13"]
[White "Lobron, Eric"]
[Black "Van der Werf, Mark"]
[Result "1-0"]
[WhiteElo "2500"]
[BlackElo "2422"]
[EventDate "2002.07.26"]
[PlyCount "135"]

1.d4 d5 2.Nf3 c6 3.c4 Nf6 4.e3 Bf5 5.Nc3 e6 6.Nh4 Bg6 7.Qb3 Qc7 8.Nxg6 
hxg6 9.g3 Be7 10.Bg2 Nbd7 11.O-O Nb6 12.c5 Nbd7 13.Bd2 e5 14.Qd1 Nf8 15.f4
exd4 16.exd4 Qd7 17.Qf3 Qf5 18.h3 Rxh3 19.Bxh3 Qxh3 20.Qg2 Qh5 21.Rae1 Ng4
22.Nd1 Ne6 23.Bc3 O-O-O 24.Qh1 Qf5 25.Qh3 Bf6 26.Nf2 Nxf2 27.Qxf5 gxf5 28.
Kxf2 Bxd4+ 29.Bxd4 Nxd4 30.Re7 Rd7 31.Rxd7 Kxd7 32.Ke3 Ne6 33.b4 a5 34.a3 
axb4 35.axb4 g6 36.Rh1 Ke7 37.Rh8 Kd7 38.Kd3 Nd8 39.Kc3 Ne6 40.Rg8 Kc7 41.
Ra8 Kd7 42.Rh8 Kc7 43.Ra8 Kd7 44.Kb3 Nd4+ 45.Ka4 Ne2 46.Rb8 Kc7 47.Rf8 
Nxg3 48.b5 cxb5+ 49.Kxb5 d4 50.Rxf7+ Kc8 51.Rf6 d3 52.Rd6 Ne2 53.Rxd3 Nxf4
54.Rd6 g5 55.Rf6 Ne2 56.Kb6 f4 57.Rf8+ Kd7 58.Kxb7 Nd4 59.Rf6 Ke7 60.Rd6 
Nb3 61.Kb6 f3 62.Rd1 Nd4 63.Rxd4 f2 64.Rd1 g4 65.c6 g3 66.c7 g2 67.c8=Q 
f1=Q 68.Qc5+ 1-0

[Event "10th Lost Boys op"]
[Site "Amsterdam NED"]
[Date "2002.08.03"]
[Round "8.14"]
[White "Van Wessel, Rudy"]
[Black "Jonkman, Harmen"]
[Result "1-0"]
[WhiteElo "2360"]
[BlackElo "2497"]
[EventDate "2002.07.26"]
[PlyCount "83"]

1.e4 e5 2.Nf3 Nc6 3.d4 exd4 4.Nxd4 Nf6 5.Nxc6 bxc6 6.e5 Qe7 7.Qe2 Nd5 8.c4
Ba6 9.b3 g6 10.Bb2 Bg7 11.Nd2 Nb4 12.Nf3 c5 13.g3 O-O 14.Bg2 d5 15.O-O 
Rad8 16.a3 Nc6 17.Rfe1 Rfe8 18.Qc2 d4 19.Nd2 Qe6 20.f4 Ne7 21.Ne4 Qb6 22.
Kh1 Nf5 23.Qd3 Ne3 24.Bf3 Bb7 25.Bc1 Nf5 26.Bd2 a5 27.Rab1 Qa7 28.Kg1 Rb8 
29.g4 Ne7 30.Nf6+ Kh8 31.Nxe8 Rxe8 32.Re2 Nc6 33.Rbe1 Bf8 34.Bd5 Nd8 35.
Bxb7 Nxb7 36.e6 f6 37.f5 g5 38.e7 Bg7 39.Qf3 a4 40.Qc6 Nd6 41.Re6 Qb8 42.
Ba5 1-0

[Event "10th Lost Boys op"]
[Site "Amsterdam NED"]
[Date "2002.08.03"]
[Round "8.15"]
[White "Daly, Colm"]
[Black "Ernst, Sipke"]
[Result "1/2-1/2"]
[WhiteElo "2338"]
[BlackElo "2469"]
[EventDate "2002.07.26"]
[PlyCount "34"]

1.d4 Nf6 2.c4 g6 3.Nc3 d5 4.Nf3 Bg7 5.cxd5 Nxd5 6.e4 Nxc3 7.bxc3 c5 8.Be3 
O-O 9.Rc1 Qa5 10.Qd2 cxd4 11.cxd4 Qxd2+ 12.Bxd2 Bg4 13.d5 Nd7 14.Be2 e6 
15.h3 Bxf3 16.gxf3 exd5 17.Rc7 Nf6 1/2-1/2

[Event "10th Lost Boys op"]
[Site "Amsterdam NED"]
[Date "2002.08.03"]
[Round "8.16"]
[White "Roobol, Martin"]
[Black "Berkvens, Joost"]
[Result "0-1"]
[WhiteElo "2338"]
[BlackElo "2467"]
[EventDate "2002.07.26"]
[PlyCount "94"]

1.e4 c5 2.Nf3 Nc6 3.d4 cxd4 4.Nxd4 Nf6 5.Nc3 d6 6.Bg5 e6 7.Qd2 a6 8.O-O-O 
Bd7 9.f4 h6 10.Bh4 g5 11.fxg5 Ng4 12.Nf3 hxg5 13.Bg3 Be7 14.Be2 Nge5 15.
Kb1 b5 16.Rdf1 Rb8 17.h4 gxh4 18.Nxh4 Rg8 19.Rh3 Qa5 20.Nf3 b4 21.Nd1 Nxf3
22.Rxf3 e5 23.Bc4 Be6 24.Bxe6 fxe6 25.Rh7 b3 26.Qxa5 bxc2+ 27.Kxc2 Nxa5 
28.Be1 Rxg2+ 29.Kb1 Nc6 30.Rc3 Nd4 31.Bh4 Bf8 32.b3 Rg1 33.Rd3 Rc8 34.Bf2 
Rg7 35.Rxg7 Bxg7 36.Ne3 Ke7 37.Nc4 Rf8 38.Bxd4 exd4 39.b4 Rf4 40.Nd2 Rf2 
41.Kc2 e5 42.Kb3 Re2 43.a4 d5 44.exd5 e4 45.Rg3 Re3+ 46.Rxe3 dxe3 47.d6+ 
Kd8 0-1

[Event "10th Lost Boys op"]
[Site "Amsterdam NED"]
[Date "2002.08.03"]
[Round "8.17"]
[White "Afek, Yochanan"]
[Black "l`Ami, Erwin"]
[Result "0-1"]
[WhiteElo "2329"]
[BlackElo "2438"]
[EventDate "2002.07.26"]
[PlyCount "100"]

1.e4 c5 2.Nc3 d6 3.Nge2 Nf6 4.g3 Nc6 5.Bg2 g6 6.d4 cxd4 7.Nxd4 Bd7 8.O-O 
Bg7 9.Nde2 O-O 10.Nd5 Ne5 11.h3 Rc8 12.a4 Bc6 13.Ra2 Ned7 14.Bg5 h6 15.Be3
Kh7 16.Qd2 e6 17.Nxf6+ Nxf6 18.f3 Qc7 19.b4 b6 20.b5 Bb7 21.a5 Nd7 22.axb6
axb6 23.c4 Ne5 24.Rc1 Nxc4 25.Qb4 d5 26.Bf2 Qd7 27.Ra7 Ra8 28.Rxa8 Rxa8 
29.exd5 exd5 30.Rd1 Qc7 31.Nf4 Bf8 32.Qe1 Bc5 33.Nxd5 Bxd5 34.Rxd5 Bxf2+ 
35.Qxf2 Ra3 36.Kh2 Ne3 37.Rd2 h5 38.h4 Nf5 39.Bh3 Nxh4 40.Rd7 Qc4 41.Bf1 
Qe6 42.Bh3 Nxf3+ 43.Qxf3 Qxh3+ 44.Kxh3 Rxf3 45.Rd6 f5 46.Kg2 Rb3 47.Rxb6 
Kh6 48.Rb8 Kg5 49.b6 Kg4 50.b7 g5 0-1

[Event "10th Lost Boys op"]
[Site "Amsterdam NED"]
[Date "2002.08.03"]
[Round "8.21"]
[White "Erwich, Marc"]
[Black "Bezemer, Arno"]
[Result "1/2-1/2"]
[WhiteElo "2376"]
[BlackElo "2320"]
[EventDate "2002.07.26"]
[PlyCount "96"]

1.e4 c5 2.Nf3 d6 3.d4 cxd4 4.Nxd4 Nf6 5.Nc3 a6 6.Be2 e5 7.Nb3 Be7 8.O-O 
Be6 9.f4 Qc7 10.Kh1 Nbd7 11.g4 h6 12.g5 hxg5 13.fxg5 Nh7 14.Nd5 Qd8 15.g6 
Nhf6 16.gxf7+ Bxf7 17.Nxe7 Qxe7 18.Bg5 Qe6 19.Bf3 Bg6 20.Qe2 Rh3 21.Bg2 
Rh5 22.h4 O-O-O 23.Kg1 Kb8 24.Rad1 Rc8 25.Rd2 Rc4 26.Rxd6 Qxd6 27.Qxc4 
Qb6+ 28.Kh1 Rh8 29.Qd3 Qe6 30.Nd2 Qxa2 31.Nc4 Qa4 32.Qd6+ Ka8 33.b3 Qc6 
34.Qxc6 bxc6 35.Nd6 Rd8 36.Kg1 c5 37.Ra1 Ka7 38.Bf1 Nb8 39.Rd1 Nc6 40.Be3 
Nxe4 41.Bg2 Ka8 42.Bxc5 Nxc5 43.Bxc6+ Kb8 44.Rd5 Ne6 45.Nc4 Rxd5 46.Bxd5 
Nf4 47.Nxe5 Bxc2 48.Bc4 Kc7 1/2-1/2

[Event "10th Lost Boys op"]
[Site "Amsterdam NED"]
[Date "2002.08.03"]
[Round "8.23"]
[White "Geirnaert, Steven"]
[Black "Jens, Jelmer"]
[Result "1/2-1/2"]
[WhiteElo "2160"]
[BlackElo "2369"]
[EventDate "2002.07.26"]
[PlyCount "51"]

1.Nf3 Nf6 2.c4 e6 3.g3 b6 4.Bg2 Bb7 5.O-O Be7 6.d4 O-O 7.Nc3 Ne4 8.Qc2 
Nxc3 9.Qxc3 f5 10.b3 Bf6 11.Bb2 d6 12.Rfd1 Qe7 13.Rac1 Nd7 14.Ne1 Bxg2 15.
Nxg2 e5 16.dxe5 Bxe5 17.Qd2 Bxb2 18.Qxb2 Nc5 19.Qd2 Ne4 20.Qd5+ Kh8 21.Nf4
Rae8 22.Qb7 Qf7 23.Nd5 Qh5 24.Nf4 Qf7 25.Nd5 Qh5 26.Nf4 1/2-1/2

[Event "10th Lost Boys op"]
[Site "Amsterdam NED"]
[Date "2002.08.03"]
[Round "8.24"]
[White "Wegerle, Jorg"]
[Black "Salakhutdinov, Ildar"]
[Result "1-0"]
[WhiteElo "2365"]
[BlackElo "2238"]
[EventDate "2002.07.26"]
[PlyCount "125"]

1.e4 e6 2.d4 d5 3.Nc3 Bb4 4.e5 c5 5.a3 Bxc3+ 6.bxc3 Ne7 7.Qg4 O-O 8.Bd3 
Nbc6 9.Nf3 f5 10.exf6 Rxf6 11.Bg5 Rf7 12.Qh4 h6 13.Bxe7 Rxe7 14.O-O Bd7 
15.Rfe1 Be8 16.Ne5 Rc8 17.f4 c4 18.Bf1 Nxe5 19.Rxe5 Bg6 20.Rae1 Bxc2 21.f5
Be4 22.fxe6 Qd6 23.Be2 Rxe6 24.Bg4 Rxe5 25.dxe5 Qb6+ 26.Qf2 Qxf2+ 27.Kxf2 
Rf8+ 28.Ke3 Re8 29.Kd4 Kf7 30.Bh5+ g6 31.Bf3 Bxf3 32.Rf1 Re6 33.Rxf3+ Ke7 
34.Rh3 h5 35.g4 hxg4 36.Rh7+ Ke8 37.Rxb7 Ra6 38.Kxd5 Rxa3 39.Kxc4 Ra2 40.
Rh7 Rd2 41.Kc5 Rd3 42.c4 a5 43.Ra7 Rd2 44.Rxa5 Ke7 45.Ra6 Rxh2 46.Rxg6 Rg2
47.Kc6 g3 48.c5 Rg1 49.Kc7 g2 50.c6 Kf7 51.Rf6+ Ke7 52.Rf2 Ke6 53.Re2 Kf7 
54.Kc8 Ke6 55.c7 Kf7 56.Rb2 Ke6 57.Kb8 Rc1 58.Rxg2 Rb1+ 59.Kc8 Kxe5 60.Rd2
Rh1 61.Kd7 Rh7+ 62.Kc6 Rh6+ 63.Kb7 1-0

[Event "10th Lost Boys op"]
[Site "Amsterdam NED"]
[Date "2002.08.03"]
[Round "8.26"]
[White "Witt, Rob"]
[Black "Rebers, Eugene"]
[Result "1/2-1/2"]
[WhiteElo "2308"]
[BlackElo "2351"]
[EventDate "2002.07.26"]
[PlyCount "92"]

1.Nf3 d6 2.d4 g6 3.c4 Bg7 4.Nc3 Nd7 5.e4 e5 6.Be2 Ne7 7.O-O O-O 8.Be3 h6 
9.Qc2 g5 10.Rfd1 Ng6 11.dxe5 dxe5 12.g3 c6 13.c5 Qe7 14.b4 Nf6 15.Nd2 Nf4 
16.Bf1 Ne6 17.Nc4 Ng4 18.h3 Nd4 19.Qc1 Nf6 20.Nxe5 Nb5 21.Nxb5 cxb5 22.Bd4
Nxe4 23.Qb2 Re8 24.Re1 Bf5 25.Nf3 Bxd4 26.Qxd4 Rad8 27.Qe3 Qd7 28.Qb3 Qc6 
29.Rad1 a6 30.Rxd8 Rxd8 31.Bg2 Qf6 32.Rd1 Be6 33.Rxd8+ Qxd8 34.Qe3 Qd1+ 
35.Kh2 Bd5 36.Nd4 Nf6 37.Bxd5 Nxd5 38.Qe8+ Kg7 39.Qe5+ Nf6 40.Nf5+ Kg6 41.
Ne7+ Kg7 42.Kg2 Qd3 43.Nf5+ Kg6 44.Nd6 Qd5+ 45.Qxd5 Nxd5 46.a3 b6 1/2-1/2

[Event "10th Lost Boys op"]
[Site "Amsterdam NED"]
[Date "2002.08.03"]
[Round "8.27"]
[White "Piasetski, Leon David"]
[Black "Riemens, Albert"]
[Result "1/2-1/2"]
[WhiteElo "2350"]
[BlackElo "2225"]
[EventDate "2002.07.26"]
[PlyCount "136"]

1.c4 e5 2.g3 Nf6 3.Bg2 d5 4.cxd5 Nxd5 5.Nc3 Nb6 6.Nf3 Nc6 7.O-O Be7 8.Rb1 
Be6 9.b4 f6 10.b5 Nd4 11.Ne1 Rb8 12.e3 Nf5 13.d3 O-O 14.a4 a5 15.bxa6 bxa6
16.a5 Nd7 17.Rxb8 Qxb8 18.Nd5 Bd6 19.Qc2 Kh8 20.Bd2 Nc5 21.Bc3 Ne7 22.Nxe7
Bxe7 23.d4 Bb3 24.Qe2 Na4 25.Ba1 Qb5 26.Qxb5 axb5 27.Nd3 Bc4 28.Rd1 exd4 
29.exd4 Rd8 30.a6 Nb6 31.Re1 Bd6 32.Nc5 Bd5 33.Nb7 Ra8 34.Bxd5 Nxd5 35.
Nxd6 cxd6 36.Re6 Nc7 37.Rxd6 Nxa6 38.Rb6 Nc7 39.Bb2 Kg8 40.Kg2 Ra2 41.Bc1 
Rc2 42.Ba3 Nd5 43.Rxb5 Ne3+ 44.Kf3 Nd1 45.Rb8+ Kf7 46.Rb7+ Ke6 47.Rb6+ Kf7
48.Ke4 Rxf2 49.Rb7+ Kg6 50.Bf8 f5+ 51.Ke5 Re2+ 52.Kd6 Rxh2 53.Rxg7+ Kf6 
54.Rc7 Nf2 55.Bg7+ Kg5 56.Be5 Rh6+ 57.Ke7 Nd3 58.Bd6 Rg6 59.Rc3 Nf2 60.
Bf4+ Kg4 61.d5 Ne4 62.Rc4 Rg7+ 63.Ke6 Rg6+ 64.Ke5 h5 65.Rc6 Rg8 66.Rh6 
Nxg3 67.Bxg3 Kxg3 68.Kxf5 h4 1/2-1/2

[Event "10th Lost Boys op"]
[Site "Amsterdam NED"]
[Date "2002.08.03"]
[Round "8.28"]
[White "Tan, Kevin"]
[Black "Strating, Sybolt"]
[Result "0-1"]
[WhiteElo "2165"]
[BlackElo "2341"]
[EventDate "2002.07.26"]
[PlyCount "110"]

1.e4 c6 2.c4 d5 3.exd5 cxd5 4.cxd5 Nf6 5.Nc3 Nxd5 6.Nf3 e6 7.Bc4 Nc6 8.O-O
Be7 9.d4 O-O 10.Re1 a6 11.Bb3 Nxc3 12.bxc3 Bf6 13.Qd3 Re8 14.h4 Bxh4 15.
Nxh4 Qxh4 16.d5 Na5 17.Bc2 g6 18.Re4 Qd8 19.Be3 e5 20.Rb1 b5 21.a4 Nc4 22.
Rxc4 bxc4 23.Qxc4 Bd7 24.Rb7 Rc8 25.Qb4 Rb8 26.Rxb8 Qxb8 27.Bb6 e4 28.Qd4 
e3 29.fxe3 Qg3 30.Bd3 Re5 31.c4 Bxa4 32.Bf1 Bd7 33.Qf4 Qxf4 34.exf4 Re1 
35.Kf2 Rb1 36.c5 Bc8 37.d6 Kf8 38.Bxa6 Rxb6 39.Bxc8 Rc6 40.d7 Ke7 41.Kg3 
Rxc5 42.Kg4 Rd5 43.g3 h6 44.Kh4 Rd1 45.Kg4 Kd8 46.Kf3 Rd3+ 47.Kg4 f5+ 48.
Kh3 Rd2 49.Ba6 Kxd7 50.g4 fxg4+ 51.Kxg4 Ke7 52.Bb7 Kf6 53.Bc8 Rd3 54.Ba6 
h5+ 55.Kh4 Rf3 0-1

[Event "10th Lost Boys op"]
[Site "Amsterdam NED"]
[Date "2002.08.03"]
[Round "8.29"]
[White "Michielsen, Joost"]
[Black "Spaan, Martijn Tigran"]
[Result "0-1"]
[WhiteElo "2163"]
[BlackElo "2311"]
[EventDate "2002.07.26"]
[PlyCount "38"]

1.e4 c5 2.Nf3 d6 3.d4 cxd4 4.Nxd4 Nf6 5.Nc3 g6 6.Be3 Bg7 7.f3 O-O 8.Qd2 
Nc6 9.Bc4 Nd7 10.h4 Nb6 11.Bb3 Na5 12.Qd3 Nxb3 13.cxb3 d5 14.O-O-O e5 15.
Nc2 d4 16.Ne2 a5 17.f4 Bg4 18.Bf2 Nd7 19.Rhe1 Nc5 0-1

[Event "10th Lost Boys op"]
[Site "Amsterdam NED"]
[Date "2002.08.03"]
[Round "8.31"]
[White "Wustefeld, Emile"]
[Black "Wunnink, Michael"]
[Result "1-0"]
[WhiteElo "2295"]
[BlackElo "2255"]
[EventDate "2002.07.26"]
[PlyCount "71"]

1.e4 c5 2.Nc3 d6 3.g3 Nc6 4.Bg2 g6 5.d3 Bg7 6.Be3 Rb8 7.Qd2 b5 8.Nge2 b4 
9.Nd1 Nd4 10.O-O e6 11.Nc1 Ne7 12.c3 bxc3 13.bxc3 Ndc6 14.Bh6 O-O 15.Bxg7 
Kxg7 16.Ne3 Bd7 17.Ne2 f5 18.Rab1 e5 19.f4 Be6 20.Nd5 Qa5 21.fxe5 Rxb1 22.
Rxb1 dxe5 23.Rb7 Rf7 24.Qb2 fxe4 25.dxe4 c4 26.Rb5 Qa4 27.Ne3 a6 28.Rb7 
Qa5 29.Qd2 Qc5 30.h3 Na5 31.Rb1 Nc8 32.Kh2 Rd7 33.Nd5 Ne7 34.Qg5 Qd6 35.
Qf6+ Kg8 36.Rb8+ 1-0

[Event "10th Lost Boys op"]
[Site "Amsterdam NED"]
[Date "2002.08.03"]
[Round "8.32"]
[White "Bertrem, Stijn"]
[Black "De Heer, Machiel"]
[Result "0-1"]
[WhiteElo "2220"]
[BlackElo "2293"]
[EventDate "2002.07.26"]
[PlyCount "44"]

1.d4 d6 2.c4 f5 3.g3 Nf6 4.Bg2 g6 5.Nh3 Bg7 6.d5 c6 7.Nc3 O-O 8.Nf4 Qe8 9.
h4 Na6 10.h5 Nc5 11.h6 Bh8 12.Be3 Ng4 13.Bd4 e5 14.dxe6 Ne5 15.b3 g5 16.
Rg1 Ned3+ 17.Nxd3 Bxd4 18.Rc1 Bxe6 19.e3 Bf6 20.Nxc5 dxc5 21.Qc2 Rd8 22.
Rd1 Qh5 0-1

[Event "10th Lost Boys op"]
[Site "Amsterdam NED"]
[Date "2002.08.03"]
[Round "8.33"]
[White "Prakken, Gerrit"]
[Black "Vedder, Richard"]
[Result "1/2-1/2"]
[WhiteElo "2290"]
[BlackElo "2232"]
[EventDate "2002.07.26"]
[PlyCount "109"]

1.d4 Nf6 2.Nf3 g6 3.c4 Bg7 4.g3 O-O 5.Bg2 d6 6.O-O Nbd7 7.Nc3 c6 8.e4 Qc7 
9.h3 a6 10.Re1 e5 11.Be3 exd4 12.Nxd4 Rb8 13.Rc1 Re8 14.b3 Nc5 15.Qc2 Nfd7
16.Rcd1 Ne6 17.Re2 b5 18.cxb5 axb5 19.Red2 b4 20.Na4 Nxd4 21.Bxd4 Bh6 22.
f4 c5 23.Ba1 Bf8 24.Kh2 Be7 25.Bf1 h5 26.e5 dxe5 27.Bc4 Kf8 28.Rxd7 Bxd7 
29.Bxe5 Qa7 30.f5 Bxf5 31.Qd2 g5 32.Rf1 Rbd8 33.Qf2 Qd7 34.Qxf5 Qxf5 35.
Rxf5 Rd2+ 36.Kg1 Rd1+ 37.Kg2 f6 38.Bxf6 Bxf6 39.Rxf6+ Kg7 40.Rf5 Kg6 41.g4
hxg4 42.hxg4 Re4 43.Bf7+ Kg7 44.Bh5 c4 45.Rxg5+ Kh6 46.Rg6+ Kh7 47.Rb6 
Re2+ 48.Kf3 Rxa2 49.Rxb4 cxb3 50.Be8 Rda1 51.Kg3 Kh6 52.Bc6 Rg1+ 53.Kf4 
Rf1+ 54.Ke3 Kg5 55.Rxb3 1/2-1/2

[Event "10th Lost Boys op"]
[Site "Amsterdam NED"]
[Date "2002.08.03"]
[Round "8.34"]
[White "Willemsen, Jos"]
[Black "Boersma, Jan"]
[Result "0-1"]
[WhiteElo "2280"]
[BlackElo "2230"]
[EventDate "2002.07.26"]
[PlyCount "72"]

1.e4 e6 2.d4 d5 3.Nc3 Nf6 4.Bg5 Be7 5.e5 Nfd7 6.Bxe7 Qxe7 7.f4 a6 8.Nf3 c5
9.Qd2 Nc6 10.O-O-O b5 11.dxc5 Nxc5 12.Nd4 Bb7 13.Nxc6 Bxc6 14.Qd4 b4 15.
Ne2 O-O 16.Qe3 a5 17.Nd4 Bd7 18.g4 a4 19.Kb1 a3 20.b3 Ne4 21.Re1 f6 22.Bg2
fxe5 23.fxe5 Nc3+ 24.Ka1 Rac8 25.Rhf1 Nb5 26.Rxf8+ Qxf8 27.Nxb5 Bxb5 28.
Kb1 Be8 29.Bf1 Bg6 30.Bd3 Bxd3 31.Qxd3 Qf2 32.Rc1 Rf8 33.Qa6 Qd4 34.Qxe6+ 
Kh8 35.c3 Qd3+ 36.Ka1 Qd2 0-1